[Event "Titled Tuesday intern op 17th Nov"]
[Site "Chess.com INT"]
[Date "2020.11.17"]
[Round "1"]
[White "Fisabilillah, Ummi"]
[Black "Igambergenov, Alibek"]
[Result "0-1"]
[WhiteElo "2159"]
[BlackElo "2420"]
[PlyCount "112"]
[EventDate "2020.11.17"]
[EventType "swiss (blitz)"]
[EventRounds "11"]
[EventCountry "USA"]
[SourceTitle "CBM 199 Extra"]
[Source "ChessBase"]
[SourceDate "2021.01.31"]
[SourceVersion "1"]
[SourceVersionDate "2021.01.31"]
[SourceQuality "1"]

1. e4 c5 2. Nf3 d6 3. Bb5+ Bd7 4. Bxd7+ Qxd7 5. c4 Qe6 6. d3 Nc6 7. 0-0 g6 8. Nc3 Bg7 9. Nd5 Qd7 10. Qe2 e6 11. Nc3 Nge7 12. Be3 a6 13. Qd2 Rb8 14. d4 cxd4 15. Nxd4 0-0 16. Rfd1 Rfd8 17. Rac1 Ne5 18. b3 b5 19. cxb5 axb5 20. f3 d5 21. exd5 Nxd5 22. Nxd5 Qxd5 23. Qe2 Qb7 24. f4 Ng4 25. Qxg4 Qa7 26. Nf5 Qxa2 27. Nxg7 Kxg7 28. Bd4+ Kg8 29. Qg5 Qxb3 30. Qf6 Rxd4 31. Rxd4 Qe3+ 32. Kf1 Qxc1+ 33. Ke2 Qc2+ 34. Kf3 Qc6+ 35. Kf2 Qc5 36. Kg3 b4 37. Rd7 Qf5 38. Rd8+ Rxd8 39. Qxd8+ Kg7 40. Qd4+ e5 41. Qxb4 Qxf4+ 42. Qxf4 exf4+ 43. Kxf4 Kf6 44. h4 h6 45. g4 g5+ 46. hxg5+ hxg5+ 47. Kf3 Ke6 48. Ke3 Ke5 49. Kf3 Kd4 50. Kg3 Ke3 51. Kg2 Kf4 52. Kh3 Kf3 53. Kh2 Kxg4 54. Kg2 f5 55. Kf2 f4 56. Kg2 f3+ 0-1

[Event "Titled Tuesday intern op 17th Nov"]
[Site "Chess.com INT"]
[Date "2020.11.17"]
[Round "4"]
[White "Igambergenov, Alibek"]
[Black "Brilej, Jaka"]
[Result "1-0"]
[WhiteElo "2420"]
[BlackElo "2218"]
[PlyCount "77"]
[EventDate "2020.11.17"]
[EventType "swiss (blitz)"]
[EventRounds "11"]
[EventCountry "USA"]
[SourceTitle "CBM 199 Extra"]
[Source "ChessBase"]
[SourceDate "2021.01.31"]
[SourceVersion "1"]
[SourceVersionDate "2021.01.31"]
[SourceQuality "1"]

1. Nf3 f5 2. d4 Nf6 3. c4 g6 4. Nc3 Bg7 5. g3 0-0 6. Bg2 d6 7. 0-0 c6 8. Bf4 Na6 9. Rc1 Nh5 10. Be3 e5 11. dxe5 dxe5 12. Qxd8 Rxd8 13. Bg5 Re8 14. e4 f4 15. Rfd1 Be6 16. gxf4 exf4 17. Ne2 Bg4 18. h3 Be6 19. Nxf4 Nxf4 20. Bxf4 Rad8 21. b3 Nb4 22. a3 Nd3 23. Bg5 Nxc1 24. Bxd8 Nxb3 25. Bf1 Nc5 26. Ng5 Bc8 27. Bc7 h6 28. Bd6 Nxe4 29. Nxe4 Rxe4 30. Bc5 Re8 31. Bxa7 Be6 32. Be3 Ra8 33. Rb1 Rxa3 34. Rxb7 Be5 35. Re7 Ra1 36. Rxe6 Bg7 37. Rxg6 Kh7 38. Rxg7+ Kxg7 39. Bd4+ 1-0

[Event "Titled Tuesday intern op 17th Nov"]
[Site "Chess.com INT"]
[Date "2020.11.17"]
[Round "8"]
[White "Igambergenov, Alibek"]
[Black "Shirov, Alexei"]
[Result "0-1"]
[WhiteElo "2420"]
[BlackElo "2662"]
[PlyCount "98"]
[EventDate "2020.11.17"]
[EventType "swiss (blitz)"]
[EventRounds "11"]
[EventCountry "USA"]
[SourceTitle "CBM 199 Extra"]
[Source "ChessBase"]
[SourceDate "2021.01.31"]
[SourceVersion "1"]
[SourceVersionDate "2021.01.31"]
[SourceQuality "1"]

1. Nf3 d5 2. e3 Bg4 3. c4 e6 4. Qb3 Bxf3 5. Qxb7 Nd7 6. gxf3 Ngf6 7. cxd5 exd5 8. Nc3 Rb8 9. Qc6 Rb6 10. Qa4 Rb4 11. Qc2 Rh4 12. b3 c5 13. Bb2 d4 14. Ne4 Be7 15. Nxf6+ Bxf6 16. Bb5 0-0 17. 0-0-0 Ne5 18. f4 d3 19. Qxc5 Ng4 20. Ba3 Qc8 21. Rdf1 Qxc5+ 22. Bxc5 Rc8 23. b4 a5 24. a3 axb4 25. axb4 Rh5 26. Bxd3 Be7 27. Kd1 Bxc5 28. bxc5 Rhxc5 29. Ke2 Nf6 30. Rfg1 g6 31. Rg5 R5c7 32. h4 Kg7 33. h5 Rd8 34. hxg6 fxg6 35. Bb1 Rb7 36. Kf3 Rxd2 37. f5 Rbb2 38. Rg2 Rd5 39. fxg6 h5 40. e4 Rdb5 41. Bd3 R5b3 42. e5 Rxd3+ 43. Kf4 Rb4+ 44. Kf5 Rf3+ 45. Ke6 Rb6+ 46. Ke7 Nd5+ 47. Kd7 Ra3 48. Rxh5 Ra7+ 49. Kc8 Ne7+ 0-1

[Event "Titled Tuesday intern op 08th Sept"]
[Site "Chess.com INT"]
[Date "2020.09.08"]
[Round "1"]
[White "Cooper, Aaron"]
[Black "Igambergenov, Alibek"]
[Result "0-1"]
[WhiteElo "1904"]
[BlackElo "2420"]
[PlyCount "70"]
[EventDate "2020.09.08"]
[EventType "swiss (blitz)"]
[EventRounds "10"]
[EventCountry "USA"]
[SourceTitle "CBM 198 Extra"]
[Source "ChessBase"]
[SourceDate "2020.11.30"]
[SourceVersion "1"]
[SourceVersionDate "2020.11.30"]
[SourceQuality "1"]

1. e4 e5 2. Bc4 Nc6 3. Nc3 Nf6 4. d3 Bc5 5. f4 d6 6. Nf3 Ng4 7. f5 Nf2 8. Qe2 Nxh1 9. Ng5 Qe7 10. Bxf7+ Kd8 11. Nd5 Qf8 12. Qh5 h6 13. Be6 Bd7 14. Nf7+ Kc8 15. Bxd7+ Kxd7 16. Nxh8 Qxh8 17. Qf7+ Kd8 18. Nxc7 Kc8 19. Nxa8 Kb8 20. Nc7 Qd8 21. Ne6 Qa5+ 22. c3 a6 23. Bd2 Qb6 24. 0-0-0 Nf2 25. Qe8+ Ka7 26. Rf1 Nxd3+ 27. Kd1 Nxb2+ 28. Ke2 Qb5+ 29. Ke1 Nd3+ 30. Ke2 Nd4+ 31. cxd4 Qxe8 32. Kxd3 Qb5+ 33. Kc2 Qxf1 34. dxc5 dxc5 35. Nxc5 Qc4+ 0-1

[Event "Titled Tuesday intern op 08th Sept"]
[Site "Chess.com INT"]
[Date "2020.09.08"]
[Round "3"]
[White "Grandelius, Nils"]
[Black "Igambergenov, Alibek"]
[Result "1-0"]
[WhiteElo "2662"]
[BlackElo "2420"]
[PlyCount "81"]
[EventDate "2020.09.08"]
[EventType "swiss (blitz)"]
[EventRounds "10"]
[EventCountry "USA"]
[SourceTitle "CBM 198 Extra"]
[Source "ChessBase"]
[SourceDate "2020.11.30"]
[SourceVersion "1"]
[SourceVersionDate "2020.11.30"]
[SourceQuality "1"]

1. Nf3 Nf6 2. g3 g6 3. b3 Bg7 4. Bb2 0-0 5. Bg2 a5 6. a3 d5 7. c4 c6 8. 0-0 Be6 9. d3 Na6 10. Nbd2 Qb6 11. Rb1 Rfd8 12. cxd5 cxd5 13. Bd4 Qd6 14. Qc1 Rac8 15. Qb2 Ne8 16. Bxg7 Nxg7 17. b4 axb4 18. axb4 Bg4 19. h3 Bxf3 20. Nxf3 Nf5 21. h4 h6 22. Bh3 d4 23. h5 Rc3 24. Qd2 Kg7 25. hxg6 fxg6 26. Bxf5 gxf5 27. b5 Nc5 28. Kg2 Ne6 29. Rh1 f4 30. Rh4 Rdc8 31. Rg4+ Kh7 32. Rh1 Rc2 33. Qd1 Qd5 34. Rxh6+ Kxh6 35. Qh1+ Qh5 36. Rh4 Qxh4 37. Qxh4+ Kg6 38. gxf4 Rxe2 39. Ne5+ Kf5 40. Qg4+ Kf6 41. Qg6# 1-0

[Event "Titled Tuesday intern op 08th Sept"]
[Site "Chess.com INT"]
[Date "2020.09.08"]
[Round "10"]
[White "Igambergenov, Alibek"]
[Black "Zong, Davis Jr"]
[Result "1-0"]
[WhiteElo "2420"]
[BlackElo "2129"]
[PlyCount "65"]
[EventDate "2020.09.08"]
[EventType "swiss (blitz)"]
[EventRounds "10"]
[EventCountry "USA"]
[SourceTitle "CBM 198 Extra"]
[Source "ChessBase"]
[SourceDate "2020.11.30"]
[SourceVersion "1"]
[SourceVersionDate "2020.11.30"]
[SourceQuality "1"]

1. d4 d5 2. c4 c6 3. Nf3 Nf6 4. e3 e6 5. Bd3 Nbd7 6. 0-0 Bd6 7. Nbd2 0-0 8. e4 dxe4 9. Nxe4 Nxe4 10. Bxe4 Nf6 11. Bc2 b6 12. Bg5 h6 13. Bh4 c5 14. Qd3 g6 15. dxc5 Be7 16. cxb6 Qxd3 17. Bxd3 axb6 18. Ne5 Kg7 19. Be2 g5 20. Bg3 Ne4 21. Rfd1 Bf6 22. Bf3 Bb7 23. Nd7 Rfd8 24. Nxf6 Kxf6 25. Rxd8 Rxd8 26. Bc7 Rd2 27. b3 g4 28. Bxe4 Bxe4 29. Bxb6 h5 30. a4 Bc2 31. b4 Bxa4 32. h3 gxh3 33. Rxa4 1-0

[Event "Titled Tuesday intern op 18th Aug"]
[Site "Chess.com INT"]
[Date "2020.08.18"]
[Round "5"]
[White "Igambergenov, Alibek"]
[Black "Anton Guijarro, David"]
[Result "0-1"]
[WhiteElo "2420"]
[BlackElo "2688"]
[PlyCount "108"]
[EventDate "2020.08.18"]
[EventType "swiss (blitz)"]
[EventRounds "10"]
[EventCountry "USA"]
[SourceTitle "CBM 197 Extra"]
[Source "ChessBase"]
[SourceDate "2020.09.30"]
[SourceVersion "1"]
[SourceVersionDate "2020.09.30"]
[SourceQuality "1"]

1. d4 Nf6 2. c4 e6 3. Nf3 b6 4. a3 Bb7 5. Nc3 d5 6. cxd5 Nxd5 7. Qc2 Be7 8. e4 Nxc3 9. bxc3 0-0 10. Bd3 c5 11. 0-0 cxd4 12. cxd4 Nd7 13. Qe2 Nf6 14. Bf4 Rc8 15. Rfc1 Rxc1+ 16. Rxc1 Qa8 17. d5 exd5 18. e5 Ne4 19. Rc7 Bd8 20. Rc2 Nc5 21. Bf5 g6 22. Bh3 Bc8 23. Bxc8 Qxc8 24. Nd4 Qd7 25. Qe3 Re8 26. h3 Be7 27. Qf3 Bf8 28. Rd2 Ne4 29. Rd3 Qa4 30. Ne2 Bc5 31. Be3 Rxe5 32. Nf4 Ng5 33. Qg4 Ne6 34. Nxd5 Qxg4 35. Nf6+ Kg7 36. Nxg4 Rh5 37. Rd7 Bxe3 38. fxe3 Ra5 39. e4 h5 40. Ne3 Rxa3 41. Nc4 Rc3 42. Ne5 Rc7 43. Rd6 Nc5 44. Rd5 Nxe4 45. Rd4 Nf6 46. Rd6 Rb7 47. Rd8 b5 48. Nd3 b4 49. Nc5 Rb5 50. Nb3 Ne4 51. Ra8 Nc5 52. Nd4 Rb7 53. Kf2 b3 54. Rd8 b2 0-1

[Event "Titled Tuesday intern op 21st July"]
[Site "Chess.com INT"]
[Date "2020.07.21"]
[Round "1"]
[White "Xie, Bryan"]
[Black "Igambergenov, Alibek"]
[Result "1/2-1/2"]
[WhiteElo "2050"]
[BlackElo "2420"]
[PlyCount "137"]
[EventDate "2020.07.21"]
[EventType "swiss (blitz)"]
[EventRounds "10"]
[EventCountry "USA"]
[SourceTitle "CBM 197 Extra"]
[Source "ChessBase"]
[SourceDate "2020.09.30"]
[SourceVersion "1"]
[SourceVersionDate "2020.09.30"]
[SourceQuality "1"]

1. e4 g6 2. Nf3 Bg7 3. d4 d6 4. Nc3 a6 5. Be2 b5 6. Be3 Bb7 7. a3 Nf6 8. Nd2 0-0 9. 0-0 Nbd7 10. f4 c5 11. dxc5 Nxc5 12. e5 Nd5 13. Nxd5 Bxd5 14. Bf3 Bxf3 15. Nxf3 Ne6 16. exd6 exd6 17. Nd4 Nc5 18. Re1 Re8 19. c3 Qc7 20. Bf2 Ne4 21. Qf3 d5 22. Rad1 Rad8 23. Bh4 Rd6 24. Nc2 Rde6 25. Rxd5 Qb6+ 26. Kh1 Bf6 27. Bg3 Nxg3+ 28. Qxg3 Re2 29. Rxe2 Rxe2 30. Nd4 Rxb2 31. h4 Qc7 32. h5 Kg7 33. Nf5+ Kf8 34. hxg6 hxg6 35. Nd4 Qe7 36. Qh3 Qe1+ 37. Kh2 Rb1 38. Qh6+ Bg7 39. Rd8+ Ke7 40. Nc6+ Ke6 41. Re8+ Kd7 42. Rxe1 Bxh6 43. Rxb1 Kxc6 44. Re1 Bxf4+ 45. Kh3 Kd5 46. Rf1 g5 47. g3 Be5 48. Rxf7 Bxc3 49. Rf5+ Kc4 50. Rxg5 Bb2 51. Rg4+ Kc3 52. Rg6 a5 53. Rb6 Kc4 54. Ra6 Bc3 55. g4 Kb3 56. Rb6 Ka4 57. g5 Kxa3 58. Rxb5 a4 59. Kg4 Ka2 60. g6 a3 61. Kf5 Ka1 62. Ke6 a2 63. Kf7 Bd4 64. Rb4 Bb2 65. Rxb2 Kxb2 66. g7 a1Q 67. g8Q Qa2+ 68. Kf8 Qxg8+ 69. Kxg8 1/2-1/2

[Event "Titled Tuesday intern op 14th July"]
[Site "Chess.com INT"]
[Date "2020.07.14"]
[Round "3"]
[White "Shimanov, Aleksandr"]
[Black "Igambergenov, Alibek"]
[Result "1-0"]
[WhiteElo "2593"]
[BlackElo "2420"]
[PlyCount "105"]
[EventDate "2020.07.14"]
[EventType "swiss (blitz)"]
[EventRounds "10"]
[EventCountry "USA"]
[SourceTitle "CBM 197 Extra"]
[Source "ChessBase"]
[SourceDate "2020.09.30"]
[SourceVersion "1"]
[SourceVersionDate "2020.09.30"]
[SourceQuality "1"]

1. d4 Nf6 2. Bf4 g6 3. Nd2 Bg7 4. e4 0-0 5. c3 d6 6. Ngf3 c5 7. dxc5 dxc5 8. Be2 Nc6 9. 0-0 Bg4 10. Qc2 Nd7 11. h3 Bxf3 12. Nxf3 Qb6 13. Rfd1 Rad8 14. Be3 Qc7 15. a4 b6 16. Bb5 Nde5 17. Nd2 Na5 18. f4 Nec6 19. Nf3 e6 20. e5 Ne7 21. g3 Qb7 22. Be2 Nc4 23. Bf2 Nf5 24. Bxc4 Qxf3 25. Qe2 Qc6 26. Bb5 Qb7 27. a5 h5 28. a6 Qa8 29. Bd3 Qc8 30. Be4 Rxd1+ 31. Rxd1 Rd8 32. Bb7 Qc7 33. g4 hxg4 34. hxg4 Nh6 35. Bh4 Rxd1+ 36. Qxd1 Bxe5 37. fxe5 Qxe5 38. Bf3 Qe3+ 39. Kg2 Kh7 40. Bf2 Qf4 41. Bg3 Qe3 42. Qe2 Qg5 43. Bf2 f5 44. Qe3 Qe7 45. gxf5 gxf5 46. Bg3 Nf7 47. Qf4 Qf6 48. Qh4+ Kg6 49. Qxf6+ Kxf6 50. Bb8 e5 51. Bb7 e4 52. Bxa7 c4 53. Bxb6 1-0

[Event "Moscow Aeroflot op-B"]
[Site "Moscow"]
[Date "2020.02.27"]
[Round "9"]
[White "Pranav, Anand"]
[Black "Igambergenov, Alibek"]
[Result "1/2-1/2"]
[WhiteElo "2309"]
[BlackElo "2430"]
[PlyCount "41"]
[EventDate "2020.02.19"]
[EventType "swiss"]
[EventRounds "9"]
[EventCountry "RUS"]
[SourceTitle "CBM 195 Extra"]
[Source "ChessBase"]
[SourceDate "2020.05.31"]
[SourceVersion "1"]
[SourceVersionDate "2020.05.31"]
[SourceQuality "1"]

1. d4 Nf6 2. c4 g6 3. Nc3 Bg7 4. e4 d6 5. Nf3 0-0 6. h3 e5 7. d5 Nh5 8. g3 f5 9. exf5 gxf5 10. Nh4 Qe8 11. Be2 Nf6 12. Qc2 Na6 13. a3 c6 14. dxc6 Qxc6 15. 0-0 f4 16. gxf4 Bxh3 17. Rd1 Nc5 18. Kh2 Ng4+ 19. Kxh3 Nxf2+ 20. Kh2 Qd7 21. f5 1/2-1/2

[Event "Pavlodar op"]
[Site "Pavlodar"]
[Date "2019.11.24"]
[Round "5"]
[White "Tiviakov, Sergei"]
[Black "Igambergenov, Alibek"]
[Result "1-0"]
[WhiteElo "2613"]
[BlackElo "2410"]
[PlyCount "67"]
[EventDate "2019.11.21"]
[EventType "swiss"]
[EventRounds "10"]
[EventCountry "KAZ"]
[SourceTitle "CBM 193 Extra"]
[Source "ChessBase"]
[SourceDate "2020.01.31"]
[SourceVersion "1"]
[SourceVersionDate "2020.01.31"]
[SourceQuality "1"]

1. e4 g6 2. d4 Bg7 3. c3 d6 4. Nf3 Nf6 5. Bd3 0-0 6. 0-0 Nc6 7. d5 Nb8 8. h3 c6 9. c4 Na6 10. Nc3 Nc5 11. Be3 cxd5 12. cxd5 Nfd7 13. Nd4 Nxd3 14. Qxd3 Nc5 15. Qd2 Bd7 16. Bh6 Qb6 17. Bxg7 Kxg7 18. Rfe1 Rac8 19. e5 dxe5 20. Rxe5 e6 21. Rae1 Rfd8 22. Rh5 gxh5 23. Qg5+ Kf8 24. Qh6+ Ke8 25. Nf5 Bb5 26. Qxh7 Rc7 27. d6 Nd3 28. Rxe6+ Kd7 29. dxc7 Qxf2+ 30. Kh2 Qf4+ 31. Ng3 Kxc7 32. Nxb5+ Kb8 33. Rd6 Re8 34. Qxd3 1-0

[Event "Pavlodar op"]
[Site "Pavlodar"]
[Date "2019.11.23"]
[Round "4"]
[White "Igambergenov, Alibek"]
[Black "Burmakin, Vladimir"]
[Result "1/2-1/2"]
[WhiteElo "2410"]
[BlackElo "2508"]
[PlyCount "84"]
[EventDate "2019.11.21"]
[EventType "swiss"]
[EventRounds "10"]
[EventCountry "KAZ"]
[SourceTitle "CBM 193 Extra"]
[Source "ChessBase"]
[SourceDate "2020.01.31"]
[SourceVersion "1"]
[SourceVersionDate "2020.01.31"]
[SourceQuality "1"]

1. Nf3 d5 2. c4 c6 3. d4 Nf6 4. Qb3 e6 5. Bf4 Bd6 6. Bxd6 Qxd6 7. e3 0-0 8. Nc3 Nbd7 9. Rd1 Qe7 10. Bd3 dxc4 11. Bxc4 b5 12. Be2 a6 13. e4 e5 14. 0-0 Rb8 15. a3 Bb7 16. dxe5 Nxe5 17. Nd4 c5 18. Nf5 Qe6 19. Qxe6 fxe6 20. Nd6 Nf7 21. Nxb7 Rxb7 22. e5 Nxe5 23. Rd6 Ra7 24. Rxe6 Re8 25. Rxe8+ Nxe8 26. a4 bxa4 27. f4 Nd7 28. Nxa4 a5 29. Rd1 Kf8 30. Bb5 Nef6 31. h3 Rb7 32. Nc3 Nb8 33. g4 g6 34. Rd8+ Ke7 35. Rc8 Nbd7 36. Ra8 Nf8 37. Kg2 Ne6 38. Kg3 Ne4+ 39. Nxe4 Rxb5 40. Ra7+ Kf8 41. f5 Rb3+ 42. Kh4 gxf5 1/2-1/2

[Event "Almaty op"]
[Site "Almaty"]
[Date "2019.10.13"]
[Round "8"]
[White "Rakhimzhan, Alen"]
[Black "Igambergenov, Alibek"]
[Result "1-0"]
[WhiteElo "2303"]
[BlackElo "2402"]
[PlyCount "61"]
[EventDate "2019.10.07"]
[EventType "swiss"]
[EventRounds "9"]
[EventCountry "KAZ"]
[SourceTitle "EXT 2020"]
[Source "ChessBase"]
[SourceDate "2019.10.17"]
[SourceVersion "1"]
[SourceVersionDate "2019.10.17"]
[SourceQuality "1"]

1. d4 Nf6 2. c4 e6 3. Nc3 Bb4 4. e3 0-0 5. Nf3 b6 6. Bd2 Bb7 7. Bd3 d5 8. cxd5 exd5 9. 0-0 Nbd7 10. Rc1 a6 11. Ne5 Nxe5 12. dxe5 Nd7 13. f4 Nc5 14. Bxh7+ Kxh7 15. Qh5+ Kg8 16. Rf3 f5 17. Rh3 Ne6 18. Be1 Bxc3 19. bxc3 Qd7 20. g4 fxg4 21. Qh7+ Kf7 22. Rh5 Ke8 23. f5 Qf7 24. Bh4 Nc5 25. Rg5 Rg8 26. Rf1 d4 27. e6 Nxe6 28. fxe6 Qxe6 29. exd4 Qxa2 30. Re1+ Kd7 31. Qf5+ 1-0

[Event "Almaty op"]
[Site "Almaty"]
[Date "2019.10.12"]
[Round "7"]
[White "Igambergenov, Alibek"]
[Black "Makhnev, Denis"]
[Result "1-0"]
[WhiteElo "2402"]
[BlackElo "2478"]
[PlyCount "141"]
[EventDate "2019.10.07"]
[EventType "swiss"]
[EventRounds "9"]
[EventCountry "KAZ"]
[SourceTitle "EXT 2020"]
[Source "ChessBase"]
[SourceDate "2019.10.17"]
[SourceVersion "1"]
[SourceVersionDate "2019.10.17"]
[SourceQuality "1"]

1. Nf3 d5 2. c4 d4 3. b4 Bg4 4. e3 c6 5. exd4 Bxf3 6. Qxf3 Qxd4 7. Nc3 e5 8. a3 a5 9. b5 Nf6 10. Bb2 Be7 11. Na4 Qd8 12. Bxe5 0-0 13. Be2 Nbd7 14. Bc3 cxb5 15. cxb5 Nb6 16. Nxb6 Qxb6 17. 0-0 Rad8 18. Bc4 Bc5 19. a4 Bd4 20. Bxd4 Qxd4 21. d3 b6 22. Rae1 Qd6 23. Qc6 Qxc6 24. bxc6 Rc8 25. Bb5 Rc7 26. Re5 Rd8 27. Rc1 Kf8 28. Kf1 Nd5 29. Ke2 Nf4+ 30. Kd2 Ne6 31. Rc4 Rd6 32. Kc3 g6 33. Rce4 Ke7 34. Kc4 f5 35. Re3 Rc8 36. Rd5 Rxd5 37. Kxd5 Rd8+ 38. Kc4 Kf6 39. Ba6 Nc7 40. Bb7 Rd5 41. d4 b5+ 42. axb5 Rxb5 43. f4 Rb1 44. Kc5 Rc1+ 45. Kd6 Nb5+ 46. Kd7 Rd1 47. c7 Rxd4+ 48. Kc6 Nxc7 49. Kxc7 Rxf4 50. Kd6 a4 51. Bd5 Rh4 52. h3 Rb4 53. Ra3 h5 54. Bc6 Rd4+ 55. Kc5 Rd2 56. Rxa4 g5 57. Rd4 Rc2+ 58. Kd6 Rc1 59. Bd5 Rh1 60. Be6 Rh2 61. Rd5 Rxg2 62. Rxf5+ Kg6 63. Ke7 Re2 64. Rf8 g4 65. h4 Rh2 66. Rg8+ Kh7 67. Rg5 Rxh4 68. Kf7 Rh2 69. Bf5+ Kh6 70. Rg6+ Kh7 71. Rf6+ 1-0

[Event "Astana op"]
[Site "Astana"]
[Date "2019.07.15"]
[Round "6"]
[White "Igambergenov, Alibek"]
[Black "Tleubayev, Nurlan"]
[Result "1-0"]
[WhiteElo "2337"]
[BlackElo "2156"]
[PlyCount "40"]
[EventDate "2019.07.09"]
[EventType "swiss"]
[EventRounds "9"]
[EventCountry "KAZ"]
[SourceTitle "EXT 2020"]
[Source "ChessBase"]
[SourceDate "2019.10.17"]
[SourceVersion "1"]
[SourceVersionDate "2019.10.17"]
[SourceQuality "1"]

1. Nf3 d5 2. e3 Nf6 3. c4 e6 4. b3 Be7 5. Bb2 0-0 6. Qc2 Nbd7 7. g4 Nxg4 8. Rg1 Ngf6 9. Bd3 h6 10. Nc3 c6 11. Ne2 Re8 12. 0-0-0 Bf8 13. Ng3 a5 14. a3 a4 15. b4 dxc4 16. Bxc4 b5 17. Ba2 c5 18. Bb1 cxb4 19. Bxf6 Nxf6 20. Nh5 Bd6 1-0

[Event "Aktogay Masters"]
[Site "Aktogay"]
[Date "2019.05.11"]
[Round "1"]
[White "Igambergenov, Alibek"]
[Black "Khusenkhojaev, Muhammad"]
[Result "1-0"]
[WhiteElo "2295"]
[BlackElo "2445"]
[PlyCount "65"]
[EventDate "2019.05.11"]
[EventType "tourn"]
[EventRounds "9"]
[EventCountry "KAZ"]
[EventCategory "1"]
[SourceTitle "CBM 190 Extra"]
[Source "ChessBase"]
[SourceDate "2019.07.15"]
[SourceVersion "1"]
[SourceVersionDate "2019.07.15"]
[SourceQuality "1"]

1. Nf3 Nf6 2. c4 b6 3. g3 Bb7 4. Bg2 g6 5. 0-0 Bg7 6. Nc3 0-0 7. Re1 Ne4 8. Nxe4 Bxe4 9. d3 Bb7 10. e4 c5 11. Rb1 Nc6 12. a3 d6 13. b4 Qd7 14. Bb2 e5 15. Bc3 Nd4 16. Rb2 Rae8 17. Bxd4 exd4 18. Rbe2 b5 19. cxb5 Qxb5 20. bxc5 dxc5 21. Rc2 Rc8 22. Bf1 f5 23. exf5 gxf5 24. Bg2 Bd5 25. Ng5 Bxg2 26. Kxg2 c4 27. dxc4 Rxc4 28. Qh5 h6 29. Qg6 Qd5+ 30. Kg1 hxg5 31. Re7 Rf7 32. Rxf7 Qxf7 33. Qxf7+ 1-0

[Event "Almaty IITU"]
[Site "Almaty"]
[Date "2019.02.28"]
[Round "9"]
[White "Igambergenov, Alibek"]
[Black "Mezentsev, Ivan"]
[Result "1-0"]
[WhiteElo "2309"]
[BlackElo "2298"]
[PlyCount "99"]
[EventDate "2019.02.20"]
[EventType "tourn"]
[EventRounds "9"]
[EventCountry "KAZ"]
[EventCategory "5"]
[SourceTitle "CBM 189 Extra"]
[Source "ChessBase"]
[SourceDate "2019.06.03"]
[SourceVersion "1"]
[SourceVersionDate "2019.06.03"]
[SourceQuality "1"]

1. Nf3 Nf6 2. c4 e6 3. g3 d5 4. b3 d4 5. Bg2 c5 6. 0-0 Nc6 7. e3 Be7 8. exd4 cxd4 9. Re1 0-0 10. Ne5 Nxe5 11. Rxe5 Ne8 12. d3 f6 13. Re1 Rb8 14. Na3 Bb4 15. Re2 Nc7 16. Nc2 Bc3 17. Rb1 b5 18. cxb5 e5 19. a4 Bg4 20. f3 Bf5 21. g4 Be6 22. Ba3 Re8 23. Nb4 Bxb4 24. Bxb4 Nd5 25. Qe1 Rc8 26. Reb2 Qd7 27. h3 Bf7 28. Bf1 Qb7 29. Bd2 Nc3 30. Rc1 Qxf3 31. Bxc3 dxc3 32. Rxc3 Rxc3 33. Qxc3 e4 34. Re2 e3 35. Qc6 Qg3+ 36. Bg2 Qe5 37. Be4 f5 38. gxf5 Qg3+ 39. Rg2 Qe5 40. Qc1 Bxb3 41. Qxe3 Bc4 42. f6 Qa1+ 43. Kh2 Qe5+ 44. Kh1 Qa1+ 45. Rg1 Qxf6 46. Bd5+ Kf8 47. Qc5+ Re7 48. Re1 g6 49. Bg2 Qh4 50. Rxe7 1-0

[Event "Almaty IITU"]
[Site "Almaty"]
[Date "2019.02.26"]
[Round "7"]
[White "Igambergenov, Alibek"]
[Black "Khusenkhojaev, Muhammad"]
[Result "1/2-1/2"]
[WhiteElo "2309"]
[BlackElo "2441"]
[PlyCount "86"]
[EventDate "2019.02.20"]
[EventType "tourn"]
[EventRounds "9"]
[EventCountry "KAZ"]
[EventCategory "5"]
[SourceTitle "CBM 189 Extra"]
[Source "ChessBase"]
[SourceDate "2019.06.03"]
[SourceVersion "1"]
[SourceVersionDate "2019.06.03"]
[SourceQuality "1"]

1. Nf3 Nf6 2. c4 c5 3. g3 g6 4. Bg2 d5 5. cxd5 Nxd5 6. Nc3 Bg7 7. 0-0 Nc6 8. Nxd5 Qxd5 9. d3 0-0 10. Be3 Bxb2 11. Rb1 Bf6 12. Qa4 Qh5 13. Qb5 Nb4 14. Nd2 Nxa2 15. Ne4 Nc3 16. Nxc3 Bxc3 17. Qxc5 Bf6 18. Qxh5 gxh5 19. Bc5 a5 20. d4 Rd8 21. e3 a4 22. f4 a3 23. Bxb7 Bxb7 24. Rxb7 a2 25. Ra1 Rd5 26. Rb5 e5 27. fxe5 Bxe5 28. dxe5 Rxe5 29. Rxa2 Rxa2 30. Rb8+ Kg7 31. Bd4 f6 32. Rb7+ Kg6 33. Bxe5 fxe5 34. Re7 Kf6 35. Rxh7 Kg6 36. Rh8 Re2 37. h4 Rxe3 38. Kf2 Ra3 39. Rf8 e4 40. Rf4 Ra2+ 41. Kg1 Ra1+ 42. Kg2 Ra2+ 43. Kf1 Ra1+ 1/2-1/2